|
|
|
|
| LEADER |
01571nam a2200361 a 4500 |
| 001 |
4598025 |
| 003 |
BD-DhAAL |
| 008 |
100125s1976 nyu b 101 0 eng d |
| 999 |
|
|
|c 7166
|d 7166
|
| 010 |
|
|
|a 76020602
|
| 020 |
|
|
|a 0275565203
|
| 040 |
|
|
|a DLC
|c DLC
|d DLC
|d DB-DhAAL
|
| 082 |
0 |
0 |
|a 301.412
|
| 111 |
2 |
|
|a AAAS Seminar on Women in Development
|d (1975 :
|c Mexico City, Mexico)
|9 31026
|
| 245 |
1 |
0 |
|a Women and world development :
|b with an annotated bibliography /
|c edited by Irene Tinker, Michèle Bo Bramsen and Mayra Buvinić
|
| 260 |
|
|
|a New York :
|b Praeger,
|c 1976.
|
| 300 |
|
|
|a vii, 382 p. ;
|c 25 cm.
|
| 490 |
0 |
|
|a Praeger special studies in international economics and development
|
| 500 |
|
|
|a Background papers and proceedings of the seminar.
|
| 500 |
|
|
|a "Published in cooperation with the Overseas Development Council."
|
| 504 |
|
|
|a Includes bibliography: (p. 373-375) and index.
|
| 541 |
1 |
|
|e 00001388
|
| 650 |
|
0 |
|a Women
|v Congresses.
|9 31027
|
| 650 |
|
0 |
|a Women
|v Bibliography.
|9 31028
|
| 650 |
|
0 |
|a Women
|x Employment
|z Developing countries
|v Congresses.
|9 31029
|
| 650 |
|
0 |
|a Women
|z Developing countries
|v Congresses.
|9 31030
|
| 700 |
1 |
|
|a Tinker, Irene.
|9 31031
|
| 700 |
1 |
|
|a Bo Bramsen, Michèle.
|9 31032
|
| 700 |
1 |
|
|a Buvinić, Mayra.
|9 31033
|
| 710 |
2 |
|
|a Overseas Development Council.
|9 31034
|
| 852 |
4 |
|
|a Ayesha Abed Library
|j General Shelf.
|
| 942 |
|
|
|2 ddc
|c BK
|
| 952 |
|
|
|0 0
|1 0
|2 ddc
|4 0
|6 301_412000000000000_WOM_1976
|7 0
|9 7452
|a BRACUL
|b BRACUL
|c GEN
|d 2010-01-25
|g 0.00
|l 0
|o 301.412 WOM
|p 3010001388
|r 2010-01-25
|t 1
|w 2010-01-25
|y BK
|z Not price in Register
|